| 000 | 00542nam a2200157Ia 4500 | ||
|---|---|---|---|
| 999 |
_c35532 _d35532 |
||
| 003 | GCL | ||
| 005 | 20240530102935.0 | ||
| 008 | 140319s9999 xx 000 0 ara d | ||
| 040 |
_aGCL / _cGCL |
||
| 082 | 0 | 4 |
_a726.1 _bا ع |
| 100 | 0 | _aاحمد عبدالمعطى الجلالى | |
| 245 | 1 | 0 |
_aعمارة المسجد وتطورها فى العالم الاسلامى/ _cاعداد احمد عبدالمعطى الجلالى |
| 260 |
_aالقاهرة : _bدار الحكيم للطباعة ، _c1990 |
||
| 300 | _a273 ص | ||
| 942 |
_2ddc _cBK |
||